Chicken Run - Classiques d'animation Choix multiples - Statistiques

Statistiques générales
  • Ce quiz a été pris 18 fois
  • Le résultat moyen est 13 sur 15
Statistiques - réponses
Question Réponse % Correct
De quel film Chicken Run est-il inspiré ? La Grande Évasion
100%
Dans l'élevage, les poules sont exécutées lorsque.... Elles ne pondent plus assez d'œufs
94%
Finalement, comment les poules s'évadent elles ? En créant un avion
94%
Comment se nomme le coq "volant" qui arrive dans l'élevage ? Rocky
94%
Comment se nomme la poule qui tente de faire évader ses congénères ? Ginger
89%
Quelle est la passion de Babette ? Le tricot
89%
Complétez cette réplique du propriétaire de l'élevage : "Tout ça c'est... "dans ta tête"
83%
En quoi la nouvelle machine transforme t'elle les poules ? En tourtes
83%
Quel record détient ce film ? Plus grand succès au box-office pour un film en stop motion
83%
Quel est le nom des propriétaires de l'élevage de poules ? Tweedy
83%
Le vieux Poulard répète sans cesse qu'il est un ancien membre de... La Royal Air Force
78%
Dans quel pays se déroule le film ? Royaume-Uni
78%
Avec qui les poules font-elles affaire tout au long du film pour se procurer des objets ? Deux rats
72%
Quelle actrice a prêté sa voix à cette poule, en version française ? Valérie Lemercier
72%
Quel acteur a prêté sa voix à ce coq, en version française ? Gérard Depardieu
56%
Aucun quiz correspondant
Distribution des résultats
% des personnes avec chaque résultat
Percentile par nombre de réponses
Votre historique - résultats
Vous n’avez pas pris ce quiz